Forever Young - Lyrics - Statistics

General Stats
  • This quiz has been taken 125 times
  • The average score is 19 of 27
Answer Stats
Lyrics % Correct
Do you really want to {live} forever?
96%
I want {to} {be} forever young
96%
Hoping for the {best}, but expecting the worst
90%
Let us die young or let us live {forever}
89%
Are you gonna drop the {bomb} or not?
85%
Heaven can wait we're only {watching} the skies
81%
Forever, and {ever}?
80%
The music's for the {sad} {man}
79%
Some are a melody and some are the {beat}
76%
We don't have the {power}, but we never say never
76%
Why don't they {stay} young?
76%
Let's dance in {style}, let's dance for a while
75%
{Sooner} or later they all will be gone
73%
Oh let it come {true}
71%
The music's played by the, the {madman}
71%
So many songs we {forgot} to play
67%
Can you imagine when this {race} is won?
65%
And {diamonds} are forever
63%
Sitting in a {sandpit}, life is a short trip
62%
Some are like {water}, some are like the heat
61%
Youth's like diamonds in the {sun}
57%
Turn our {golden} faces into the sun
54%
It's so hard to get old without a {cause}
52%
{Praising} our leaders, we're getting in tune
52%
I don't want to {perish} like a fading horse
51%
So many {dreams} swinging out of the blue
49%
So many {adventures} given up today
48%
No matching quizzes found
Score Distribution
Percent of People with Each Score
Percentile by Number Answered
Your Score History
You have not taken this quiz